000
00263nam a22001097a 4500
008
160512b xxu||||| |||| 00| 0 eng d
020
_a
0471267902
041
_a
eng
080
_a
61
245
_a
Fundamentals of soil sciene:
_c
H.D.Foth ; L.M.Turk;
942
_2
udc
_c
BK
999
_c
2066
_d
2066